Construction economics : (Record no. 171630)

MARC details
000 -LEADER
fixed length control field 00923cam a2200277 i 4500
001 - CONTROL NUMBER
control field 19203408
003 - CONTROL NUMBER IDENTIFIER
control field OSt
005 - DATE AND TIME OF LATEST TRANSACTION
control field 20250625111258.0
008 - FIXED-LENGTH DATA ELEMENTS--GENERAL INFORMATION
fixed length control field 160803s2017 enk b 001 0 eng
020 ## - INTERNATIONAL STANDARD BOOK NUMBER
International Standard Book Number 9781138183711 (hardcover)
024 ## - OTHER STANDARD IDENTIFIER
Terms of availability USD180.00
040 ## - CATALOGING SOURCE
Original cataloging agency DLC
Language of cataloging eng
Transcribing agency NUST
Modifying agency NUST
Description conventions rda
050 00 - LIBRARY OF CONGRESS CALL NUMBER
Classification number HD9715.A2 MYE
100 1# - MAIN ENTRY--PERSONAL NAME
Personal name Myers, Danny
Relator term Author
245 10 - TITLE STATEMENT
Title Construction economics :
Remainder of title a new approach /
Statement of responsibility, etc. Danny Myers.
250 ## - EDITION STATEMENT
Edition statement Fourth edition.
260 ## - PUBLICATION, DISTRIBUTION, ETC.
Place of publication, distribution, etc. London :
Name of publisher, distributor, etc. Routledge,
Date of publication, distribution, etc. ©2017.
300 ## - PHYSICAL DESCRIPTION
Extent xii, 346 pages :
Other physical details Illustrations ;
Dimensions 26 cm.
336 ## - CONTENT TYPE
Content type term text
Content type code txt
Source rdacontent
337 ## - MEDIA TYPE
Media type term unmediated
Media type code n
Source rdamedia
338 ## - CARRIER TYPE
Carrier type term volume
Carrier type code nc
Source rdacarrier
504 ## - BIBLIOGRAPHY, ETC. NOTE
Bibliography, etc. note Includes bibliographical references and index.
650 #0 - SUBJECT ADDED ENTRY--TOPICAL TERM
Form subdivision Construction industry.
650 #0 - SUBJECT ADDED ENTRY--TOPICAL TERM
Form subdivision Construction industry --- Management.
942 ## - ADDED ENTRY ELEMENTS (KOHA)
Source of classification or shelving scheme Library of Congress Classification
Koha item type Ordinary Loan Books
Classification part HD9715.A2 MYE
Call number prefix HD
Call number suffix MYE
Suppress in OPAC No
Edition Fourth edition.
Holdings
Withdrawn status Lost status Source of classification or shelving scheme Damaged status Not for loan Collection Home library Current library Shelving location Date acquired Source of acquisition Cost, normal purchase price Total Checkouts Full call number Barcode Date last seen Accession number Cost, replacement price Price effective from Koha item type Public note
    LCC     NFIC MAIN MAIN GEN 04/16/2025 Book Aid International 180.00   HD9715.A2 MYE 92004055327 04/16/2025 61218 180.00 04/16/2025 BOOKS Donation
    LCC     NFIC MAIN MAIN GEN 04/16/2025 Book Aid International 180.00   HD9715.A2 MYE 92004055372 04/16/2025 61213 180.00 04/16/2025 BOOKS Donation
    LCC     NFIC MAIN MAIN GEN 04/16/2025 Book Aid International 80.00   HD9715.A2 MYE 92004054663 04/16/2025 61216 180.00 04/16/2025 BOOKS Donation
          NFIC MAIN MAIN GEN 04/16/2025 Book Aid International 180.00   HD9715.A2 MYE 92004054643 04/16/2025 61217 180.00 04/16/2025 BOOKS Donation
    LCC     NFIC MAIN MAIN GEN 04/16/2025 Book Aid International 180.00   HD9715.A2 MYE 92004054809 04/16/2025 61214 180.00 04/16/2025 BOOKS Donation
    LCC     NFIC MAIN MAIN GEN 06/25/2025 Book Aid International 180.00   HD9715.A2 MYE 92004055336 06/25/2025 180.00 06/25/2025 BOOKS Donation
    LCC     NFIC MAIN MAIN GEN 06/25/2025 Book Aid International 180.00   HD9715.A2 MYE 92004054828 06/25/2025 61215 180.00 06/25/2025 BOOKS Donation